000 01261cam a2200325 a 4500
001 988636
003 OSt
005 20220922155804.0
008 860528s1987 paua b 001 0 eng c
010 _a 86013855
020 _a0721618553
040 _aDNLM/DLC
_cLC
_dDLC
050 0 0 _aRD734.M34
060 _aWE 168 M1919o
082 0 0 _a617/.3
_219
100 1 _aMagee, David J.
_9422
245 1 0 _aOrthopedic physical assessment. /
_cDavid J. Magee.
260 _aPhiladelphia:
_bW. B. Saunders Company,
_c1987.
300 _a423 p. :
_bill. ;
_c28 cm.
504 _aIncludes bibliographies and index.
505 _aContents: Principles and concepts -- Cervical spine -- Temporomandibular joints -- The Shoulder -- Elbow joints -- Foreman, wrist and hand -- Thoracic (dorsal) spine -- Lumbar spine -- Pelvic joints -- The hip -- The knee -- Lower leg, ankle and foot -- Gait assessment -- Assessment of posture --
650 0 _aOrthopedics
_xDiagnosis.
_9423
650 0 _aPhysical diagnosis.
_9402
650 0 _aPhysical orthopedic tests.
_9424
650 2 _aBone Diseases
_xdiagnosis.
_9425
650 2 _aJoint Diseases
_xdiagnosis.
_9426
650 2 _aOrthopedics.
_9427
906 _a7
_bcbc
_corignew
_d1
_eocip
_f19
_gy-gencatlg
942 _2lcc
_cBK
999 _c9226
_d16726